书目信息 |
| 题名: |
风味小吃
|
|
| 作者: | 孙润田 , 李全忠 主编 | |
| 分册: | ||
| 出版信息: | 郑州 河南科学技术出版社 1998.12 |
|
| 页数: | 266页 | |
| 开本: | 19cm | |
| 丛书名: | ||
| 单 册: | ||
| 中图分类: | TS972.1 | |
| 科图分类: | 85.931 | |
| 主题词: | 食谱--中国 | |
| 电子资源: | ||
| ISBN: | 7-5349-2175-9 | |
| 000 | 00694cam0 2200241 45 | |
| 001 | 0199033487 | |
| 005 | 20071012150906.39 | |
| 010 | @a7-5349-2175-9@dCNY9.80 | |
| 100 | @a19990527d1998 em y0chiy0121 ea | |
| 101 | 0 | @achi |
| 102 | @aCN@b410000 | |
| 105 | @ay z 000yy | |
| 200 | 1 | @a风味小吃@AFeng Wei Xiao Chi@f孙润田,李全忠主编@FSun Run Tian, Li Quan Zhong Zhu Bian |
| 210 | @a郑州@c河南科学技术出版社@d1998.12 | |
| 215 | @a266页@d19cm | |
| 606 | @a食谱@y中国 | |
| 690 | @aTS972.1@v4 | |
| 692 | @a85.931@v2 | |
| 701 | 0 | @a孙润田@ASun Run Tian@4主编 |
| 701 | 0 | @a李全忠@ALi Quan Zhong@4主编 |
| 801 | 0 | @aCN@bNLC@c20071012 |
| 905 | @aBZT@dTS972.1@e272 | |
| 906 | @dCNY9.80@n0@r1 | |
| 风味小吃/孙润田,李全忠主编.-郑州:河南科学技术出版社,1998.12 |
| 266页;19cm |
| ISBN 7-5349-2175-9:CNY9.80 |
| ● |
| 相关链接 |
|
|
|
正题名:风味小吃
索取号:TS972.1/272
 
预约/预借
| 序号 | 登录号 | 条形码 | 馆藏地/架位号 | 状态 | 备注 |
| 1 | 592880 | 230153791 | 中心书库中库/ 中库024架A面2列3层23/ [索取号:TS972.1/272] | 在馆 | |
| 2 | 592881 | 230153790 | 中心书库中库/ 中库024架A面2列3层22/ [索取号:TS972.1/272] | 在馆 | |
| 3 | 592882 | 230153789 | 中心书库中库/ 中库024架A面2列3层20/ [索取号:TS972.1/272] | 在馆 | |
| 4 | 592883 | 230153788 | 中心书库中库/ 中库024架A面2列3层21/ [索取号:TS972.1/272] | 在馆 | |
| 5 | 592884 | 230153792 | 中心书库中库/ 中库024架A面2列3层19/ [索取号:TS972.1/272] | 在馆 |